Project Appraisal Planning and Control [e resource : question paper] : Fourth sem MBA degree exam, Dec 09/Jan 10 (05MBAFM425) (Record no. 210728)

MARC details
000 -LEADER
fixed length control field 00477nam a2200121Ia 4500
008 - FIXED-LENGTH DATA ELEMENTS--GENERAL INFORMATION
fixed length control field 231221s9999 xx 000 0 und d
041 ## - LANGUAGE CODE
Language code of text/sound track or separate title English
082 ## - DEWEY DECIMAL CLASSIFICATION NUMBER
Classification number QPMBPG10-3249
245 #0 - TITLE STATEMENT
Title Project Appraisal Planning and Control [e resource : question paper] : Fourth sem MBA degree exam, Dec 09/Jan 10 (05MBAFM425)
260 ## - PUBLICATION, DISTRIBUTION, ETC.
Date of publication, distribution, etc. 2010/01
Name of publisher, distributor, etc. VTU
Place of publication, distribution, etc. Bangalore
650 ## - SUBJECT ADDED ENTRY--TOPICAL TERM
Topical term or geographic name entry element Project,Appraisal,Planning,Control,[e,paper],Fourth,MBA,degree,exam,,Dec,09/Jan,10,(05MBAFM425)
942 ## - ADDED ENTRY ELEMENTS (KOHA)
Koha item type Digital Library
Holdings
Date last seen Total checkouts Full call number Accession number Uniform resource identifier Price effective from Category Lost status Damaged status Department Withdrawn status Home library Current library Shelving location Entry date Grants Billdate Currency symbol Conversion rate Discount Old discount
26/01/2024   QPMBPG10-3249 DL3249 digital/pesse/qp/dl3249.pdf 26/01/2024 Digital Library     Central Library   Central Library Central Library Central Library   MBA 13/03/2015 RS 1    

© For any Suggestions or Query, please contact the library staff @ librarian@pes.edu or Phone: +9180 2672 1983/ 2108.